Human values (Record no. 755542)

MARC details
000 -LEADER
fixed length control field 00371nam a2200157 4500
020 ## - INTERNATIONAL STANDARD BOOK NUMBER
ISBN 9789395161909
082 ## - DEWEY DECIMAL CLASSIFICATION NUMBER
Classification number 174.962
Item number TRI.H
084 ## - OTHER CLASSIFICATION NUMBER
Source of Number Colon Classification
100 ## - MAIN ENTRY--AUTHOR NAME
Personal name Tripathi
245 ## - TITLE STATEMENT
Title Human values
250 ## - EDITION STATEMENT
Edition statement 4th ed.
260 ## - PUBLICATION, DISTRIBUTION, ETC. (IMPRINT)
Place of publication NewDelhi:
Name of publisher New Age International,
Year of publication 2024.
300 ## - PHYSICAL DESCRIPTION
Number of Pages 342p.
942 ## - ADDED ENTRY ELEMENTS (KOHA)
Source of classification or shelving scheme Dewey Decimal Classification
Koha item type Gift
Holdings
Withdrawn status Lost status Source of classification or shelving scheme Damaged status Not for loan Home Library Current Location Shelving location Date acquired Full call number Accession Number Price effective from Koha item type
    Dewey Decimal Classification     Campus Library Kariavattom Campus Library Kariavattom General Stacks 31/01/2026 174.962 TRI.H UCLG1070 30/01/2026 Gift